A TEXT BOOK OF HUMAN ANATOMY AMD PHYSIOLOGY (Record no. 268356)

MARC details
000 -LEADER
fixed length control field 00352pam a2200133a 44500
008 - FIXED-LENGTH DATA ELEMENTS--GENERAL INFORMATION
fixed length control field 230405s2021 xxu||||| |||| 00| 0 eng d
041 ## - LANGUAGE CODE
Language code of text/sound track or separate title ENG
100 ## - MAIN ENTRY--PERSONAL NAME
Personal name DR ABHISHEK RAHIM/ DR RAGEEB USMAN
245 ## - TITLE STATEMENT
Title A TEXT BOOK OF HUMAN ANATOMY AMD PHYSIOLOGY
250 ## - EDITION STATEMENT
Edition statement 25
260 ## - PUBLICATION, DISTRIBUTION, ETC.
Place of publication, distribution, etc. NEW DELHI
Name of publisher, distributor, etc. S VIKAS PUBLISHING
Date of publication, distribution, etc. 2021
300 ## - PHYSICAL DESCRIPTION
Extent 71
906 ## - LOCAL DATA ELEMENT F, LDF (RLIN)
a 2917
Holdings
Withdrawn status Lost status Damaged status Not for loan Collection Home library Current library Date acquired Source of acquisition Cost, normal purchase price Total Checkouts Barcode Date last seen Price effective from Koha item type
          College of Pharmacy, Kolhapur College of Pharmacy, Kolhapur 14/04/2023 BHARATI MADHYVARTI SAHAKARI GRAHAK BHANDAR LTD 195.00   PCK-DI-466 14/04/2023 14/04/2023 Book